[Event "Championnat de Belgique \"Experts\" 2018"]
[Site "Roux, Belgium"]
[Date "2018.08.02"]
[Round "7.5"]
[White "Sadkowski, Daniel"]
[Black "Hautot, Stéphane"]
[Result "0-1"]
[WhiteTitle "FM"]
[BlackTitle "IM"]
[WhiteElo "2235"]
[BlackElo "2338"]

1. d4 {[%clk 01:30:56]} {[%emt 00:00:03]} Nf6 {[%clk 01:25:13]} {[%emt
00:05:48]} 2. c4 {[%clk 01:31:06]} {[%emt 00:00:19]} e6 {[%clk 01:25:36]}
{[%emt 00:00:07]} 3. Nc3 {[%clk 01:30:01]} {[%emt 00:01:34]} d5 {[%clk
01:25:31]} {[%emt 00:00:36]} 4. cxd5 {[%clk 01:29:51]} {[%emt 00:00:40]} exd5
{[%clk 01:25:55]} {[%emt 00:00:07]} 5. Bg5 {[%clk 01:30:15]} {[%emt 00:00:05]}
Be7 {[%clk 01:26:15]} {[%emt 00:00:10]} 6. e3 {[%clk 01:30:27]} {[%emt
00:00:18]} c6 {[%clk 01:26:21]} {[%emt 00:00:25]} 7. Bd3 {[%clk 01:30:31]}
{[%emt 00:00:25]} O-O {[%clk 01:26:40]} {[%emt 00:00:12]} 8. Nge2 {[%clk
01:28:22]} {[%emt 00:02:38]} Re8 {[%clk 01:23:01]} {[%emt 00:04:10]} 9. O-O
{[%clk 01:25:14]} {[%emt 00:03:38]} Nbd7 {[%clk 01:16:48]} {[%emt 00:06:43]} 10.
f3 {[%clk 01:23:31]} {[%emt 00:02:12]} Qb6 {[%clk 01:15:27]} {[%emt 00:01:52]}
11. Qc2 {[%clk 01:17:01]} {[%emt 00:06:59]} h6 {[%clk 01:15:28]} {[%emt
00:00:30]} 12. Bh4 {[%clk 01:16:49]} {[%emt 00:00:41]} Ng4 {[%clk 00:46:24]}
{[%emt 00:29:35]} 13. Na4 {[%clk 00:45:19]} {[%emt 00:32:00]} Nxe3 {[%clk
00:46:33]} {[%emt 00:00:22]} 14. Nxb6 {[%clk 00:45:38]} {[%emt 00:00:12]} Nxc2
{[%clk 00:46:55]} {[%emt 00:00:07]} 15. Nxa8 {[%clk 00:43:08]} {[%emt
00:03:00]} Bxh4 {[%clk 00:47:10]} {[%emt 00:00:15]} 16. Nc7 {[%clk 00:38:36]}
{[%emt 00:05:01]} Rxe2 {[%clk 00:40:45]} {[%emt 00:06:55]} 17. Bxe2 {[%clk
00:36:51]} {[%emt 00:02:15]} Nxa1 {[%clk 00:40:59]} {[%emt 00:00:17]} 18. Rxa1
{[%clk 00:29:40]} {[%emt 00:07:41]} Bd8 {[%clk 00:32:27]} {[%emt 00:09:02]} 19.
Ne8 {[%clk 00:22:21]} {[%emt 00:07:49]} Be7 {[%clk 00:32:50]} {[%emt 00:00:07]}
20. Bd3 {[%clk 00:21:48]} {[%emt 00:01:03]} Kf8 {[%clk 00:32:31]} {[%emt
00:00:50]} 21. Nc7 {[%clk 00:22:05]} {[%emt 00:00:12]} Nb6 {[%clk 00:17:26]}
{[%emt 00:15:35]} 22. Re1 {[%clk 00:22:05]} {[%emt 00:00:29]} Bd7 {[%clk
00:17:33]} {[%emt 00:00:24]} 23. b3 {[%clk 00:14:42]} {[%emt 00:07:52]} Bd8
{[%clk 00:15:59]} {[%emt 00:02:05]} 24. Na6 {[%clk 00:15:02]} {[%emt 00:00:10]}
bxa6 {[%clk 00:16:22]} {[%emt 00:00:07]} 25. Bxa6 {[%clk 00:15:26]} {[%emt
00:00:06]} Bf6 {[%clk 00:16:17]} {[%emt 00:00:35]} 26. Rd1 {[%clk 00:15:49]}
{[%emt 00:00:07]} Nc8 {[%clk 00:13:55]} {[%emt 00:02:52]} 27. Bxc8 {[%clk
00:13:14]} {[%emt 00:03:05]} Bxc8 {[%clk 00:14:19]} {[%emt 00:00:07]} 28. Kf2
{[%clk 00:13:37]} {[%emt 00:00:06]} Ke7 {[%clk 00:13:52]} {[%emt 00:00:57]} 29.
Ke3 {[%clk 00:13:56]} {[%emt 00:00:11]} Kd6 {[%clk 00:14:14]} {[%emt 00:00:08]}
30. Rc1 {[%clk 00:14:14]} {[%emt 00:00:13]} Kc7 {[%clk 00:13:46]} {[%emt
00:00:58]} 31. b4 {[%clk 00:07:10]} {[%emt 00:07:34]} Kb6 {[%clk 00:13:40]}
{[%emt 00:00:38]} 32. a4 {[%clk 00:07:26]} {[%emt 00:00:13]} Be7 {[%clk
00:11:49]} {[%emt 00:02:20]} 33. Rb1 {[%clk 00:05:42]} {[%emt 00:02:14]} Bf5
{[%clk 00:10:26]} {[%emt 00:01:53]} 34. Rb2 {[%clk 00:05:57]} {[%emt 00:00:16]}
Bg5+ {[%clk 00:10:31]} {[%emt 00:00:25]} 35. f4 {[%clk 00:05:03]} {[%emt
00:01:23]} Be7 {[%clk 00:10:49]} {[%emt 00:00:11]} 36. g3 {[%clk 00:04:17]}
{[%emt 00:01:16]} h5 {[%clk 00:07:58]} {[%emt 00:03:22]} 37. h4 {[%clk
00:04:11]} {[%emt 00:00:35]} f6 {[%clk 00:06:11]} {[%emt 00:02:18]} 38. Kd2
{[%clk 00:03:43]} {[%emt 00:00:57]} g5 {[%clk 00:05:49]} {[%emt 00:00:52]} 39.
fxg5 {[%clk 00:01:00]} {[%emt 00:03:13]} fxg5 {[%clk 00:06:12]} {[%emt
00:00:07]} 40. hxg5 {[%clk 00:01:24]} {[%emt 00:00:06]} Bxg5+ {[%clk 00:06:38]}
{[%emt 00:00:05]} 41. Kc3 {[%clk 00:01:48]} {[%emt 00:00:06]} Be7 {[%clk
00:22:24]} {[%emt 00:14:44]} 42. Rf2 {[%clk 00:30:46]} {[%emt 00:01:31]} Bg4
{[%clk 00:20:26]} {[%emt 00:02:29]} 0-1

[Event "Championnat de Belgique \"Experts\" 2018"]
[Site "Roux, Belgium"]
[Date "2018.08.02"]
[Round "7.4"]
[White "Malakhatko, Vadim"]
[Black "Fontaine, Quentin"]
[Result "1-0"]
[WhiteTitle "GM"]
[BlackTitle "FM"]
[WhiteElo "2499"]
[BlackElo "2313"]

1. d4 {[%clk 01:30:55]} {[%emt 00:00:03]} Nf6 {[%clk 01:30:54]} {[%emt
00:00:07]} 2. c4 {[%clk 01:31:18]} {[%emt 00:00:06]} e6 {[%clk 01:31:20]}
{[%emt 00:00:05]} 3. Nc3 {[%clk 01:31:39]} {[%emt 00:00:09]} Bb4 {[%clk
01:31:46]} {[%emt 00:00:04]} 4. Qc2 {[%clk 01:32:02]} {[%emt 00:00:06]} O-O
{[%clk 01:32:11]} {[%emt 00:00:05]} 5. a3 {[%clk 01:32:26]} {[%emt 00:00:07]}
Bxc3+ {[%clk 01:32:36]} {[%emt 00:00:05]} 6. Qxc3 {[%clk 01:32:51]} {[%emt
00:00:04]} d5 {[%clk 01:32:03]} {[%emt 00:01:03]} 7. Nf3 {[%clk 01:32:58]}
{[%emt 00:00:23]} dxc4 {[%clk 01:32:29]} {[%emt 00:00:05]} 8. Qxc4 {[%clk
01:33:17]} {[%emt 00:00:10]} b6 {[%clk 01:32:55]} {[%emt 00:00:05]} 9. Bg5
{[%clk 01:32:58]} {[%emt 00:00:48]} Ba6 {[%clk 01:33:10]} {[%emt 00:00:16]} 10.
Qc2 {[%clk 01:30:08]} {[%emt 00:03:19]} Nbd7 {[%clk 01:32:26]} {[%emt
00:01:15]} 11. e4 {[%clk 01:28:28]} {[%emt 00:02:09]} Bxf1 {[%clk 01:32:26]}
{[%emt 00:00:30]} 12. Rxf1 {[%clk 01:28:53]} {[%emt 00:00:04]} Qe8 {[%clk
01:15:23]} {[%emt 00:17:33]} 13. O-O-O {[%clk 01:28:35]} {[%emt 00:00:48]} c5
{[%clk 01:13:24]} {[%emt 00:02:30]} 14. d5 {[%clk 01:27:26]} {[%emt 00:01:39]}
c4 {[%clk 01:06:59]} {[%emt 00:06:55]} 15. Kb1 {[%clk 01:17:49]} {[%emt
00:10:06]} Rc8 {[%clk 00:59:50]} {[%emt 00:07:40]} 16. Rfe1 {[%clk 01:11:09]}
{[%emt 00:07:09]} Ng4 {[%clk 00:52:55]} {[%emt 00:07:25]} 17. e5 {[%clk
00:49:05]} {[%emt 00:22:34]} c3 {[%clk 00:47:15]} {[%emt 00:06:10]} 18. bxc3
{[%clk 00:23:42]} {[%emt 00:25:52]} Nc5 {[%clk 00:45:03]} {[%emt 00:02:42]} 19.
Rd4 {[%clk 00:21:55]} {[%emt 00:02:17]} f5 {[%clk 00:39:24]} {[%emt 00:06:09]}
20. exf6 {[%clk 00:19:16]} {[%emt 00:03:09]} Nxf6 {[%clk 00:39:39]} {[%emt
00:00:15]} 21. dxe6 {[%clk 00:19:37]} {[%emt 00:00:09]} Qb5+ {[%clk 00:33:04]}
{[%emt 00:07:05]} 22. Ka2 {[%clk 00:11:15]} {[%emt 00:08:51]} Nd5 {[%clk
00:23:30]} {[%emt 00:10:05]} 23. e7 {[%clk 00:11:04]} {[%emt 00:00:41]} Rfe8
{[%clk 00:19:29]} {[%emt 00:04:31]} 24. c4 {[%clk 00:11:07]} {[%emt 00:00:28]}
Na4 {[%clk 00:19:08]} {[%emt 00:00:51]} 25. Rxd5 {[%clk 00:09:48]} {[%emt
00:01:49]} Qxd5 {[%clk 00:19:15]} {[%emt 00:00:23]} 26. Qxa4 {[%clk 00:08:07]}
{[%emt 00:02:11]} Qxc4+ {[%clk 00:19:40]} {[%emt 00:00:05]} 27. Qxc4+ {[%clk
00:08:30]} {[%emt 00:00:07]} Rxc4 {[%clk 00:20:09]} {[%emt 00:00:01]} 28. Kb3
{[%clk 00:05:54]} {[%emt 00:03:06]} Rc7 {[%clk 00:20:17]} {[%emt 00:00:21]} 29.
Rd1 {[%clk 00:03:48]} {[%emt 00:02:36]} h6 {[%clk 00:19:45]} {[%emt 00:01:03]}
30. Rd8 {[%clk 00:04:01]} {[%emt 00:00:16]} Rc8 {[%clk 00:20:07]} {[%emt
00:00:08]} 31. Bh4 {[%clk 00:04:27]} {[%emt 00:00:04]} g5 {[%clk 00:18:53]}
{[%emt 00:01:43]} 32. Rxc8 {[%clk 00:04:49]} {[%emt 00:00:09]} Rxc8 {[%clk
00:19:20]} {[%emt 00:00:04]} 33. Bg3 {[%clk 00:05:15]} {[%emt 00:00:04]} Kf7
{[%clk 00:19:33]} {[%emt 00:00:16]} 34. h4 {[%clk 00:05:15]} {[%emt 00:00:29]}
Rg8 {[%clk 00:17:41]} {[%emt 00:02:22]} 35. Ne5+ {[%clk 00:02:29]} {[%emt
00:03:16]} Kxe7 {[%clk 00:17:55]} {[%emt 00:00:16]} 36. hxg5 {[%clk 00:02:56]}
{[%emt 00:00:03]} hxg5 {[%clk 00:18:05]} {[%emt 00:00:20]} 37. Nc6+ {[%clk
00:03:22]} {[%emt 00:00:04]} Ke6 {[%clk 00:18:12]} {[%emt 00:00:24]} 38. Nxa7
{[%clk 00:03:44]} {[%emt 00:00:08]} Kd5 {[%clk 00:18:23]} {[%emt 00:00:18]} 39.
Nb5 {[%clk 00:03:57]} {[%emt 00:00:18]} Kc5 {[%clk 00:18:14]} {[%emt 00:00:39]}
40. Nc3 {[%clk 00:03:56]} {[%emt 00:00:31]} Re8 {[%clk 00:18:00]} {[%emt
00:00:44]} 41. f3 {[%clk 00:02:46]} {[%emt 00:01:40]} Kc6 {[%clk 00:15:12]}
{[%emt 00:03:18]} 42. Kc4 {[%clk 00:28:31]} {[%emt 00:04:44]} Re7 {[%clk
00:42:13]} {[%emt 00:03:29]} 43. a4 {[%clk 00:24:47]} {[%emt 00:04:14]} Re8
{[%clk 00:41:52]} {[%emt 00:00:51]} 44. Bf2 {[%clk 00:22:38]} {[%emt 00:02:38]}
Rh8 {[%clk 00:41:07]} {[%emt 00:01:16]} 45. Be3 {[%clk 00:17:58]} {[%emt
00:05:10]} g4 {[%clk 00:39:52]} {[%emt 00:01:45]} 46. fxg4 {[%clk 00:17:21]}
{[%emt 00:01:08]} Rh4 {[%clk 00:40:16]} {[%emt 00:00:06]} 47. Bf4 {[%clk
00:17:26]} {[%emt 00:00:25]} Rxg4 {[%clk 00:40:27]} {[%emt 00:00:19]} 48. g3
{[%clk 00:17:52]} {[%emt 00:00:04]} Rg8 {[%clk 00:40:40]} {[%emt 00:00:17]} 49.
Kd4 {[%clk 00:18:14]} {[%emt 00:00:08]} Rd8+ {[%clk 00:40:35]} {[%emt
00:00:35]} 50. Ke4 {[%clk 00:18:33]} {[%emt 00:00:11]} Kc5 {[%clk 00:40:52]}
{[%emt 00:00:14]} 51. Be5 {[%clk 00:14:54]} {[%emt 00:04:07]} Rg8 {[%clk
00:38:16]} {[%emt 00:03:07]} 52. Kf5 {[%clk 00:14:20]} {[%emt 00:01:04]} Kb4
{[%clk 00:35:24]} {[%emt 00:03:22]} 53. g4 {[%clk 00:14:40]} {[%emt 00:00:10]}
1-0

[Event "Championnat de Belgique \"Experts\" 2018"]
[Site "Roux, Belgium"]
[Date "2018.08.02"]
[Round "7.1"]
[White "Bomans, Arno"]
[Black "Hovhannisyan, Mher"]
[Result "0-1"]
[WhiteTitle "FM"]
[BlackTitle "IM"]
[WhiteElo "2248"]
[BlackElo "2456"]

1. e4 {[%clk 01:30:57]} {[%emt 00:00:03]} e6 {[%clk 01:30:56]} {[%emt
00:00:04]} 2. d4 {[%clk 01:31:22]} {[%emt 00:00:05]} d5 {[%clk 01:31:22]}
{[%emt 00:00:04]} 3. Nc3 {[%clk 01:31:44]} {[%emt 00:00:08]} Nf6 {[%clk
01:30:11]} {[%emt 00:01:41]} 4. Bg5 {[%clk 01:31:26]} {[%emt 00:00:48]} Bb4
{[%clk 01:29:10]} {[%emt 00:01:32]} 5. e5 {[%clk 01:30:27]} {[%emt 00:01:28]}
h6 {[%clk 01:29:33]} {[%emt 00:00:07]} 6. Bc1 {[%clk 01:29:56]} {[%emt
00:01:01]} Nfd7 {[%clk 01:26:04]} {[%emt 00:03:59]} 7. Qg4 {[%clk 01:24:38]}
{[%emt 00:05:48]} Kf8 {[%clk 01:25:47]} {[%emt 00:00:47]} 8. a3 {[%clk
01:17:00]} {[%emt 00:08:08]} Bxc3+ {[%clk 01:25:21]} {[%emt 00:00:56]} 9. bxc3
{[%clk 01:17:24]} {[%emt 00:00:06]} c5 {[%clk 01:24:41]} {[%emt 00:01:11]} 10.
Nf3 {[%clk 01:15:10]} {[%emt 00:02:44]} Qa5 {[%clk 01:18:50]} {[%emt 00:06:20]}
11. Bd2 {[%clk 01:15:09]} {[%emt 00:00:31]} Qa4 {[%clk 01:19:06]} {[%emt
00:00:14]} 12. Ra2 {[%clk 01:13:44]} {[%emt 00:01:55]} Nc6 {[%clk 01:18:55]}
{[%emt 00:00:41]} 13. Be2 {[%clk 01:10:35]} {[%emt 00:03:38]} b6 {[%clk
01:17:03]} {[%emt 00:02:22]} 14. O-O {[%clk 00:53:00]} {[%emt 00:18:05]} Ba6
{[%clk 01:16:17]} {[%emt 00:01:17]} 15. Bxa6 {[%clk 00:52:12]} {[%emt
00:01:17]} Qxa6 {[%clk 01:16:14]} {[%emt 00:00:33]} 16. Qh5 {[%clk 00:51:20]}
{[%emt 00:01:22]} Kg8 {[%clk 01:13:55]} {[%emt 00:02:49]} 17. Raa1 {[%clk
00:50:33]} {[%emt 00:01:18]} Qa4 {[%clk 01:12:32]} {[%emt 00:01:53]} 18. Rfc1
{[%clk 00:48:16]} {[%emt 00:02:46]} cxd4 {[%clk 01:10:09]} {[%emt 00:02:53]} 19.
Qh4 {[%clk 00:47:44]} {[%emt 00:01:02]} Ndxe5 {[%clk 01:09:32]} {[%emt
00:01:07]} 20. Nxe5 {[%clk 00:47:51]} {[%emt 00:00:24]} Nxe5 {[%clk 01:09:57]}
{[%emt 00:00:05]} 21. cxd4 {[%clk 00:48:02]} {[%emt 00:00:19]} Ng6 {[%clk
01:09:35]} {[%emt 00:00:51]} 22. Qg4 {[%clk 00:47:34]} {[%emt 00:00:59]} h5
{[%clk 01:08:51]} {[%emt 00:01:14]} 23. Qe2 {[%clk 00:47:16]} {[%emt 00:00:48]}
Qxd4 {[%clk 01:08:53]} {[%emt 00:00:27]} 24. Be3 {[%clk 00:46:14]} {[%emt
00:01:33]} Qe4 {[%clk 01:06:03]} {[%emt 00:03:20]} 25. Qa6 {[%clk 00:44:47]}
{[%emt 00:01:57]} Nh4 {[%clk 01:04:53]} {[%emt 00:01:39]} 0-1

[Event "Championnat de Belgique \"Experts\" 2018"]
[Site "Roux, Belgium"]
[Date "2018.08.02"]
[Round "7.3"]
[White "Dardha, Daniel"]
[Black "Dgebuadze, Alexandre"]
[Result "1/2-1/2"]
[WhiteTitle "FM"]
[BlackTitle "GM"]
[WhiteElo "2330"]
[BlackElo "2519"]

1. e4 {[%clk 01:30:57]} {[%emt 00:00:02]} c5 {[%clk 01:30:26]} {[%emt
00:00:35]} 2. Nf3 {[%clk 01:31:21]} {[%emt 00:00:06]} Nc6 {[%clk 01:30:37]}
{[%emt 00:00:18]} 3. Bb5 {[%clk 01:31:45]} {[%emt 00:00:07]} g6 {[%clk
01:30:44]} {[%emt 00:00:23]} 4. Bxc6 {[%clk 01:32:08]} {[%emt 00:00:07]} bxc6
{[%clk 01:31:09]} {[%emt 00:00:05]} 5. O-O {[%clk 01:31:37]} {[%emt 00:01:02]}
Bg7 {[%clk 01:31:28]} {[%emt 00:00:10]} 6. Re1 {[%clk 01:29:50]} {[%emt
00:02:17]} e5 {[%clk 01:19:07]} {[%emt 00:12:51]} 7. c3 {[%clk 01:29:39]}
{[%emt 00:00:42]} d6 {[%clk 01:14:52]} {[%emt 00:04:46]} 8. d4 {[%clk
01:29:06]} {[%emt 00:01:02]} cxd4 {[%clk 01:14:50]} {[%emt 00:00:32]} 9. cxd4
{[%clk 01:29:32]} {[%emt 00:00:04]} Bg4 {[%clk 01:14:59]} {[%emt 00:00:21]} 10.
dxe5 {[%clk 01:29:36]} {[%emt 00:00:26]} dxe5 {[%clk 01:15:06]} {[%emt
00:00:23]} 11. Nbd2 {[%clk 01:27:45]} {[%emt 00:02:21]} Ne7 {[%clk 01:13:17]}
{[%emt 00:02:18]} 12. h3 {[%clk 01:16:07]} {[%emt 00:12:08]} Be6 {[%clk
01:12:47]} {[%emt 00:01:00]} 13. b3 {[%clk 01:16:26]} {[%emt 00:00:12]} O-O
{[%clk 01:09:45]} {[%emt 00:03:32]} 14. Bb2 {[%clk 01:16:51]} {[%emt 00:00:05]}
f6 {[%clk 01:05:37]} {[%emt 00:04:38]} 15. Ba3 {[%clk 01:01:41]} {[%emt
00:15:39]} Rf7 {[%clk 00:49:05]} {[%emt 00:17:01]} 16. Qc2 {[%clk 00:57:02]}
{[%emt 00:05:09]} Qa5 {[%clk 00:48:03]} {[%emt 00:01:32]} 17. Bc5 {[%clk
00:42:05]} {[%emt 00:15:28]} g5 {[%clk 00:46:56]} {[%emt 00:01:37]} 18. Be3
{[%clk 00:35:56]} {[%emt 00:06:39]} Qa6 {[%clk 00:42:44]} {[%emt 00:04:42]} 19.
Rac1 {[%clk 00:32:44]} {[%emt 00:03:42]} Bf8 {[%clk 00:43:05]} {[%emt
00:00:09]} 20. Bc5 {[%clk 00:25:08]} {[%emt 00:08:06]} Rc8 {[%clk 00:38:44]}
{[%emt 00:04:51]} 1/2-1/2

[Event "Championnat de Belgique \"Experts\" 2018"]
[Site "Roux, Belgium"]
[Date "2018.08.02"]
[Round "7.2"]
[White "Docx, Stefan"]
[Black "Ringoir, Tanguy"]
[Result "1-0"]
[WhiteTitle "IM"]
[BlackTitle "GM"]
[WhiteElo "2444"]
[BlackElo "2530"]

1. d4 {[%clk 01:30:55]} {[%emt 00:00:03]} Nf6 {[%clk 01:30:55]} {[%emt
00:00:07]} 2. c4 {[%clk 01:31:18]} {[%emt 00:00:06]} e6 {[%clk 01:31:21]}
{[%emt 00:00:05]} 3. Nf3 {[%clk 01:29:17]} {[%emt 00:02:31]} d5 {[%clk
01:31:44]} {[%emt 00:00:07]} 4. Nc3 {[%clk 01:29:03]} {[%emt 00:00:44]} Be7
{[%clk 01:32:06]} {[%emt 00:00:08]} 5. Bf4 {[%clk 01:29:22]} {[%emt 00:00:10]}
O-O {[%clk 01:32:06]} {[%emt 00:00:30]} 6. e3 {[%clk 01:29:09]} {[%emt
00:00:43]} b6 {[%clk 01:32:21]} {[%emt 00:00:16]} 7. Be2 {[%clk 01:28:47]}
{[%emt 00:00:51]} dxc4 {[%clk 01:32:41]} {[%emt 00:00:10]} 8. Bxc4 {[%clk
01:29:09]} {[%emt 00:00:07]} Ba6 {[%clk 01:25:35]} {[%emt 00:07:36]} 9. Qe2
{[%clk 01:28:22]} {[%emt 00:01:16]} Qc8 {[%clk 01:25:48]} {[%emt 00:00:19]} 10.
O-O {[%clk 01:27:06]} {[%emt 00:01:45]} Bxc4 {[%clk 01:18:01]} {[%emt
00:08:18]} 11. Qxc4 {[%clk 01:27:26]} {[%emt 00:00:09]} c5 {[%clk 01:18:27]}
{[%emt 00:00:04]} 12. Rfc1 {[%clk 01:17:52]} {[%emt 00:10:04]} Qa6 {[%clk
01:08:04]} {[%emt 00:10:54]} 13. Nb5 {[%clk 01:12:07]} {[%emt 00:06:14]} Nbd7
{[%clk 01:04:34]} {[%emt 00:03:59]} 14. dxc5 {[%clk 01:10:05]} {[%emt
00:02:32]} Nxc5 {[%clk 01:04:08]} {[%emt 00:00:57]} 15. b4 {[%clk 01:06:46]}
{[%emt 00:03:47]} Rac8 {[%clk 00:58:47]} {[%emt 00:05:52]} 16. Nfd4 {[%clk
01:00:16]} {[%emt 00:07:01]} Nd5 {[%clk 00:21:54]} {[%emt 00:37:22]} 17. bxc5
{[%clk 00:58:05]} {[%emt 00:02:40]} Rxc5 {[%clk 00:21:38]} {[%emt 00:00:46]} 18.
Qb3 {[%clk 00:54:58]} {[%emt 00:03:37]} Rfc8 {[%clk 00:21:32]} {[%emt
00:00:36]} 19. Ne2 {[%clk 00:51:25]} {[%emt 00:04:03]} Bf6 {[%clk 00:19:49]}
{[%emt 00:02:13]} 20. Rxc5 {[%clk 00:48:22]} {[%emt 00:03:33]} bxc5 {[%clk
00:19:47]} {[%emt 00:00:32]} 21. Rc1 {[%clk 00:48:34]} {[%emt 00:00:17]} 1-0

[ePGN "0.1;DGT LiveChess/2.1"]

[Event "Championnat de Belgique \"Experts\" 2018"]
[Site "Roux, Belgium"]
[Date "2018.08.03"]
[Round "8.2"]
[White "Fontaine, Quentin"]
[Black "Sadkowski, Daniel"]
[Result "1-0"]
[WhiteTitle "FM"]
[BlackTitle "FM"]
[WhiteElo "2313"]
[BlackElo "2235"]

1. e4 {[%clk 01:30:56]} {[%emt 00:00:02]} e5 {[%clk 01:30:51]} {[%emt
00:00:10]} 2. Nf3 {[%clk 01:31:16]} {[%emt 00:00:11]} Nc6 {[%clk 01:31:13]}
{[%emt 00:00:08]} 3. Bc4 {[%clk 01:31:32]} {[%emt 00:00:13]} Nf6 {[%clk
01:31:33]} {[%emt 00:00:10]} 4. d3 {[%clk 01:31:57]} {[%emt 00:00:06]} Be7
{[%clk 01:31:48]} {[%emt 00:00:14]} 5. O-O {[%clk 01:32:15]} {[%emt 00:00:13]}
O-O {[%clk 01:31:58]} {[%emt 00:00:20]} 6. Re1 {[%clk 01:32:19]} {[%emt
00:00:26]} d6 {[%clk 01:31:50]} {[%emt 00:00:37]} 7. a4 {[%clk 01:32:41]}
{[%emt 00:00:08]} Na5 {[%clk 01:30:31]} {[%emt 00:01:49]} 8. Ba2 {[%clk
01:33:01]} {[%emt 00:00:11]} c5 {[%clk 01:30:54]} {[%emt 00:00:07]} 9. c3
{[%clk 01:30:51]} {[%emt 00:02:40]} Nc6 {[%clk 01:30:12]} {[%emt 00:01:11]} 10.
Na3 {[%clk 01:26:19]} {[%emt 00:05:02]} a6 {[%clk 01:29:26]} {[%emt 00:01:16]}
11. h3 {[%clk 01:23:21]} {[%emt 00:03:28]} h6 {[%clk 01:28:31]} {[%emt
00:01:25]} 12. d4 {[%clk 01:14:17]} {[%emt 00:09:34]} cxd4 {[%clk 01:15:07]} 13.
cxd4 {[%clk 01:14:43]} {[%emt 00:23:09]} Nd7 {[%clk 01:15:23]} 14. Nc2 {[%clk
01:06:20]} a5 {[%clk 01:14:22]} {[%emt 00:01:26]} 15. Bc4 {[%clk 01:00:24]}
{[%emt 00:06:26]} Bf6 {[%clk 01:06:16]} {[%emt 00:08:35]} 16. Bb5 {[%clk
00:56:13]} {[%emt 00:04:42]} Ndb8 {[%clk 00:44:41]} {[%emt 00:22:05]} 17. Be3
{[%clk 00:49:45]} {[%emt 00:06:58]} Na6 {[%clk 00:42:45]} {[%emt 00:02:27]} 18.
Bxa6 {[%clk 00:49:42]} {[%emt 00:00:33]} Rxa6 {[%clk 00:42:49]} {[%emt
00:00:25]} 19. d5 {[%clk 00:50:02]} {[%emt 00:00:11]} Nb8 {[%clk 00:40:06]}
{[%emt 00:03:12]} 20. Na3 {[%clk 00:46:39]} {[%emt 00:03:53]} Be7 {[%clk
00:31:44]} {[%emt 00:08:52]} 21. Nb5 {[%clk 00:43:03]} {[%emt 00:04:07]} Ra8
{[%clk 00:30:23]} {[%emt 00:01:52]} 22. Nd2 {[%clk 00:40:04]} {[%emt 00:03:28]}
Bg5 {[%clk 00:28:14]} {[%emt 00:02:38]} 23. Nc4 {[%clk 00:38:23]} {[%emt
00:02:11]} Bxe3 {[%clk 00:27:11]} {[%emt 00:01:33]} 24. Rxe3 {[%clk 00:38:43]}
{[%emt 00:00:10]} Ra6 {[%clk 00:27:36]} {[%emt 00:00:06]} 25. Rc3 {[%clk
00:36:14]} {[%emt 00:02:59]} Qe7 {[%clk 00:26:51]} {[%emt 00:01:15]} 26. Rac1
{[%clk 00:34:52]} {[%emt 00:01:51]} Bd7 {[%clk 00:27:06]} {[%emt 00:00:15]} 27.
Qb3 {[%clk 00:33:00]} {[%emt 00:02:22]} Rd8 {[%clk 00:23:14]} {[%emt 00:04:22]}
28. Qa3 {[%clk 00:25:28]} {[%emt 00:08:02]} 1-0

[Event "Championnat de Belgique \"Experts\" 2018"]
[Site "Roux, Belgium"]
[Date "2018.08.03"]
[Round "8.3"]
[White "Dgebuadze, Alexandre"]
[Black "Malakhatko, Vadim"]
[Result "1/2-1/2"]
[WhiteTitle "GM"]
[BlackTitle "GM"]
[WhiteElo "2519"]
[BlackElo "2499"]

1. e4 {[%clk 01:30:27]} {[%emt 00:00:32]} c6 {[%clk 01:30:39]} {[%emt
00:00:21]} 2. d4 {[%clk 01:29:40]} {[%emt 00:01:17]} d5 {[%clk 01:30:58]}
{[%emt 00:00:10]} 3. Nc3 {[%clk 01:29:59]} {[%emt 00:00:12]} dxe4 {[%clk
01:31:20]} {[%emt 00:00:08]} 4. Nxe4 {[%clk 01:30:25]} {[%emt 00:00:04]} Bf5
{[%clk 01:31:42]} {[%emt 00:00:07]} 5. Ng3 {[%clk 01:30:43]} {[%emt 00:00:12]}
Bg6 {[%clk 01:32:05]} {[%emt 00:00:06]} 6. Nf3 {[%clk 01:31:03]} {[%emt
00:00:10]} Nd7 {[%clk 01:32:27]} {[%emt 00:00:08]} 7. h4 {[%clk 01:31:17]}
{[%emt 00:00:17]} h6 {[%clk 01:32:51]} {[%emt 00:00:06]} 8. h5 {[%clk
01:31:40]} {[%emt 00:00:07]} Bh7 {[%clk 01:33:17]} {[%emt 00:00:04]} 9. Bd3
{[%clk 01:32:00]} {[%emt 00:00:10]} Bxd3 {[%clk 01:33:40]} {[%emt 00:00:07]} 10.
Qxd3 {[%clk 01:32:26]} {[%emt 00:00:04]} e6 {[%clk 01:34:01]} {[%emt 00:00:08]}
11. Bd2 {[%clk 01:29:13]} {[%emt 00:03:44]} Ngf6 {[%clk 01:31:45]} {[%emt
00:02:46]} 12. O-O-O {[%clk 01:29:11]} {[%emt 00:00:32]} Qc7 {[%clk 01:31:06]}
{[%emt 00:01:08]} 13. Ne4 {[%clk 01:18:05]} {[%emt 00:11:37]} Nxe4 {[%clk
01:22:06]} {[%emt 00:09:29]} 14. Qxe4 {[%clk 01:18:17]} {[%emt 00:00:19]} Nf6
{[%clk 01:22:10]} {[%emt 00:00:26]} 15. Qe2 {[%clk 01:18:41]} {[%emt 00:00:06]}
O-O-O {[%clk 01:22:31]} {[%emt 00:00:09]} 16. Kb1 {[%clk 01:12:14]} {[%emt
00:06:57]} Bd6 {[%clk 01:10:14]} {[%emt 00:12:45]} 17. Rh4 {[%clk 01:05:49]}
{[%emt 00:06:56]} Be7 {[%clk 01:09:15]} {[%emt 00:01:29]} 18. Rh3 {[%clk
00:57:47]} {[%emt 00:08:31]} Bd6 {[%clk 01:06:53]} {[%emt 00:02:53]} 19. Rh4
{[%clk 00:57:45]} {[%emt 00:00:32]} Be7 {[%clk 01:07:15]} {[%emt 00:00:07]} 20.
Rh3 {[%clk 00:57:48]} {[%emt 00:00:28]} Bd6 {[%clk 01:07:39]} {[%emt 00:00:06]}
21. Rh4 {[%clk 00:58:10]} {[%emt 00:00:08]} 1/2-1/2